| Tag |
First Indicator |
Second Indicator |
Subfields |
| LEADER |
00000cam a22000001a 4500 |
| 001 |
in00003196378 |
| 005 |
20190404172800.0 |
| 006 |
m d f |
| 007 |
cr bn mmmapmmp |
| 008 |
090623s1966 dcu o f000 0 eng d |
| 035 |
|
|
|a cis2007431023
|
| 040 |
|
|
|a UMI
|c UMI
|d UtOrBLW
|
| 043 |
|
|
|a n-us---
|
| 086 |
0 |
|
|a Y 4.J 89/1:89/18
|
| 099 |
|
|
|a HRG-1966-HJH-0008
|
| 110 |
1 |
|
|a United States.
|b Congress.
|b House.
|b Committee on the Judiciary.
|b Subcommittee No. 3.
|
| 245 |
1 |
0 |
|a D.C. Area Transit Compact :
|b hearings before the United States House Committee on the Judiciary, Subcommittee No. 3 (Judiciary), Eighty-Ninth Congress, second session, on July 20, 27, Aug. 3, 1966.
|
| 264 |
|
1 |
|a Washington :
|b U.S. G.P.O.,
|c 1966.
|
| 300 |
|
|
|a 1 online resource.
|
| 336 |
|
|
|a text
|b txt
|2 rdacontent
|
| 337 |
|
|
|a computer
|b c
|2 rdamedia
|
| 338 |
|
|
|a online resource
|b cr
|2 rdacarrier
|
| 500 |
|
|
|a Record is based on bibliographic data in ProQuest Congressional Hearings Digital Collection. Reuse except for individual research requires license from ProQuest, LLC.
|
| 520 |
|
|
|a Committee Serial No. 18. Considers H.J. Res. 1163 and related bills, to amend the Washington Metropolitan Area Transit Regulation Compact to establish a mass transit system in the D.C. region.
|
| 520 |
|
|
|a Considers (89) H.J. Res. 1163, (89) H.J. Res. 1164, (89) H.R. 15588, (89) H.R. 15599, (89) H.R. 15600, (89) H.R. 15603, (89) H.R. 15719.
|
| 538 |
|
|
|a System requirements: PDF reader software.
|
| 500 |
|
|
|a Electronic resource.
|
| 650 |
|
0 |
|a Transportation
|z Washington (D.C.)
|
| 650 |
|
0 |
|a Urban transportation policy
|z Washington (D.C.)
|
| 655 |
|
7 |
|a Electronic books.
|2 local
|
| 710 |
2 |
|
|a ProQuest (Firm)
|
| 776 |
0 |
8 |
|i Print version:
|a United States. Congress. House. Committee on the Judiciary. Subcommittee No. 3.
|t D.C. Area Transit Compact
|
| 776 |
0 |
8 |
|i Microfiche version:
|a United States. Congress. House. Committee on the Judiciary. Subcommittee No. 3.
|t D.C. Area Transit Compact.
|d [Bethesda, Md.] : ProQuest,[2004]
|o CIS Hrgs MF Gp 3--(89) H2209-3
|w (ProQuest)cis10800610
|
| 830 |
|
0 |
|a U.S. Congressional Hearings.
|
| 856 |
4 |
0 |
|u http://proxy.library.tamu.edu/login?url=http://congressional.proquest.com/congcomp/getdoc?HEARING-ID=HRG-1966-HJH-0008
|z Connect to the full text of this electronic book
|t 0
|
| 998 |
|
|
|a cis10800610
|
| 999 |
|
|
|a MARS
|
| 999 |
f |
f |
|s 822369ed-bae7-34e7-8af0-ac467a243641
|i ba8635aa-b99c-3fb5-b3e9-55a37f0c389c
|t 0
|
| 952 |
f |
f |
|a Texas A&M University
|b College Station
|c Electronic Resources
|d Available Online
|t 0
|e HRG-1966-HJH-0008
|h Other scheme
|
| 998 |
f |
f |
|a HRG-1966-HJH-0008
|t 0
|l Available Online
|